| 000 | 00789nam a2200253 a 4500 | ||
|---|---|---|---|
| 001 | BRCA_1874 | ||
| 005 | 20190320203601.0 | ||
| 008 | 090608s1970----ag-a---###---#000-0#spa-# | ||
| 041 | _aspa | ||
| 044 | _aag | ||
| 050 | 4 |
_aAM5 _b.M33 1970 |
|
| 100 | 1 |
_aMadrid Jaime, Miguel Alfonso _95799 |
|
| 245 | 1 | 0 |
_aDe Museorum Artibus Variis _bde las variadas artes de los museos _cMiguel Alfonso Madrid. |
| 260 |
_aBuenos Aires _bMuseo Colonial e Histórico _c1970 |
||
| 300 |
_axxii p. _bil. _c28 cm. |
||
| 500 | _aIncluye apéndice documental | ||
| 500 | _aEjemplar engargolado | ||
| 500 | _aPor política no se presta a domicilio | ||
| 504 | _aBibliografía: p. xxi-xxii | ||
| 650 | 1 | 4 |
_aMuseología _vEnsayos _95800 |
| 650 | 1 | 4 |
_aMuseos _xFilosofía _9298 |
| 902 | _aeng | ||
| 942 |
_2lcc _cB |
||
| 999 |
_c1651 _d1651 |
||